What dare I think? The challenge of modern science to human action & belief, including the Henry La Barre Jayne foundation lectures (Philadelphia) for 1931

This book introduce about biology and the physical environment of Man. Biology and the human individual. The conflict between sicence and human nature, science, religion and human nature. Science and the future of religion.

Đã lưu trong:
書目詳細資料
主要作者: Huxley, Julian
格式: 圖書
語言:Undetermined
出版: London Chatto & windus 1931
主題:
標簽: 添加標簽
沒有標簽, 成為第一個標記此記錄!
Thư viện lưu trữ: Trung tâm Học liệu Trường Đại học Cần Thơ
LEADER 00892nam a2200217Ia 4500
001 CTU_228823
008 210402s9999 xx 000 0 und d
082 |a 501 
082 |b H986 
100 |a Huxley, Julian 
245 0 |a What dare I think? 
245 4 |b The challenge of modern science to human action & belief, including the Henry La Barre Jayne foundation lectures (Philadelphia) for 1931 
245 0 |c Julian Huxley 
260 |a London 
260 |b Chatto & windus 
260 |c 1931 
520 |a This book introduce about biology and the physical environment of Man. Biology and the human individual. The conflict between sicence and human nature, science, religion and human nature. Science and the future of religion. 
650 |a Khoa học,Science 
650 |x Triết học,Philosophy 
910 |b dqhieu 
980 |a Trung tâm Học liệu Trường Đại học Cần Thơ